|
|
|
|
| LEADER |
01128nam a2200349 a 4500 |
| 001 |
000579514 |
| 003 |
CZ BrMZK |
| 005 |
20090216105352.0 |
| 007 |
ta |
| 008 |
010825s2001 xr g f cze d |
| 015 |
|
|
|a cnb001035507
|
| 020 |
|
|
|a 80-7218-640-X
|
| 035 |
|
|
|a (OCoLC)50347130
|
| 040 |
|
|
|a BOA001
|b cze
|
| 041 |
1 |
|
|a cze
|h eng
|
| 072 |
|
7 |
|a 821.111(73)-3
|x Americká próza
|2 Konspekt
|9 25
|
| 080 |
|
|
|a 821.111(73)-31
|2 MRF
|
| 080 |
|
|
|a (0:82-31)
|2 MRF
|
| 100 |
1 |
|
|a Adler, Elizabeth
|7 xx0017354
|4 aut
|
| 245 |
1 |
0 |
|a V zajetí dědictví /
|c Elizabeth Adler ; [z anglického originálu přeložila Eva Konečná]
|
| 250 |
|
|
|a Vyd. 1.
|
| 260 |
|
|
|a Frýdek-Místek :
|b Alpress,
|c 2001
|
| 300 |
|
|
|a 414 s. :
|b 21 cm
|
| 490 |
1 |
|
|a Klokan (Alpress)
|
| 500 |
|
|
|a Překlad z angličtiny
|
| 655 |
|
7 |
|a americké romány
|7 fd131796
|2 czenas
|
| 700 |
1 |
|
|a Konečná, Eva
|7 jn20001103301
|4 trl
|
| 765 |
0 |
|
|t <<The >>rich shall inherit
|
| 830 |
|
0 |
|a Klokan (Alpress);
|0 s
|
| 910 |
|
|
|a BOA001
|b 2-1097.148
|
| 990 |
|
|
|a BK
|
| 996 |
6 |
|
|b 2610150449
|c 2-1097.148
|l MZK
|r Sklad / do 1 hodiny
|n 3
|p p.v.
|w 000579514
|u 000010
|a 1
|e BOA001
|j MZK50
|s P
|